000 005550000a22001810004500
003 MACL
005 20160421131117.0
008 160421b xxu||||| |||| 00| 0 eng d
040 _aMACL
_cMACL
041 _aHindi
082 _a700
100 _aउपाध्‍याय भगवत शरण
_953067
245 _aभारतीय कला की भूमिका
260 _bपीपुल्‍स पब्लिशिंग
_c1991
_aनई दिल्‍ली
350 _a40
650 _aArts
_953083
942 _cHIN
_k700
_2ddc
999 _c21376
_d21376